000 01046nas a2200313 4500
001 BR0301598
003 BR-BrBNA
005 20231205103647.0
007 ta
008 230509b bl.|||p| |||| 00| 00por d
040 _aBR-BrBNA
_bpor
_cBiblioteca Nacional de Agricultura
041 _a(Pt)
072 _aS30; Q03
100 1 _aCostabeber, I.
100 1 _aSantos, J.S. dos
100 1 _aEmanuelli, T.
245 1 _aRelação entre a freqüência de consumo de carne e pescado e os níveis de hexaclorobenzeno, lindano, aldrin e 4,4-diclorodifenil-1,1 dicloroetileno, em tecido adiposo de glândulas mamárias de mulheres espanholas
650 _aCARNE
650 _aPEIXE
650 _aRESÍDUO QUÍMICO
650 _aCONSUMO ALIMENTAR
650 _aSAÚDE PÚBLICA
650 _aCONTAMINAÇÃO
650 _aMULHER
650 _aGLÂNDULA MAMÁRIA
773 0 _tCiência Rural (Brazil)
_xISSN 0103-8478
_g(Jan-Feb 2003), v. 33(1) p. 151-155
_wBR0301598
909 _a202311
_bLúcia
_c55
_dLúcia Elande
942 _2AGRIS
_n0
_cANA
999 _c174070
_d174070